Statistics for Guess the Song Name and Artist #1

Click here to take the quiz!

General Stats

  • This quiz has been taken 5 times
  • The average score is 15 of 38

Answer Stats

Lyric Song/Artist % Correct
Name of the artist who sings the aboveDavid Bowie
100%
I'm stuck with a valuable friend "I'm happy, hope you're happy too"Ashes to Ashes
100%
Sometimes in our lives, we all have pain, we all have sorrow, nut if we are wise we know that there's always tomorrow.Lean on me
67%
Name of the artist who sings the aboveBill Withers
67%
Name of the artist who sings the aboveJanis Joplin
67%
And feelin' good was easy, lord, when he sang the bluesMe and Bobby McGee
67%
Name of the artist who sings the abovePaul Pena
33%
Tskhrajer chavshale natsunavi kalma koshkidan amamkvaTskhrajer Chavshale
33%
Name of the artist who sings the aboveLela Tataraidze
33%
J'étais tranquille j'étais peinard, accoude au flipper, le type est entre dans le bar a commande un jambon beurre.Laisse Béton
33%
Lord, my body has been a good friend. But I won't need it when I reach the end.Miles From Nowhere
33%
Name of the artist who sings the aboveRenaud
33%
Name of the artist who sings the aboveBuena Vista Social Club
33%
The leaves are falling off the trees, is this why I feel so sleepy?Bear
33%
Name of the artist who sings the aboveThe Paranoyds
33%
Born in a troubled city, in Rock and Roll USA. In the shadow of the tallest building, I vowed I would break away.Can't Get Away
33%
Name of the artist who sings the aboveRodriguez
33%
When your baby leaves you all alone and nobody calls you on the phoneCry To Me
33%
Name of the artist who sings the aboveSolomon Burke
33%
But nobody heard the boy's cry of alarm. Nobody there except for the birds around the New England farm and they gathered in all directions, like roses, they scattered.Birdland
33%
De Alto Cedro voy para Marcane, Llego a Cueto voy para MayariChan Chan
33%
Name of the artist who sings the aboveNick Cave and the Bad Seeds
33%
Tras d'orizao teng terra, teng terra long' teng mar i seuTras d'Orizao
33%
Name of the artist who sings the aboveCat Stevens
33%
But darlin' we can clearly see, it's all life and fire and lunacy and excuses and excuses and excusesHold On To Yourself
33%
Name of the artist who sings the aboveMother Love Bone
33%
You ever heard the story of Mr. Faded Glory? Say "He who rides the pony must someday fall."Crown of Thorns
33%
Name of the artist who sings the aboveThe Brian Jonestown Massacre
33%
Hey, hey, hey, hey, hey, hey, hey, hey, hey, hey, hey, hey youHey You
33%
Name of the artist who sings the aboveBig Mama Thornton
33%
Cause you ain't looking for a woman, All your looking is for a homeHound Dog
33%
Name of the artist who sings the aboveNeil Young
33%
Look at Mother Nature on the run in the 1970sAfter the Gold Rush
33%
Name of the artist who sings the aboveArlo Guthrie
33%
And we was both jumpin' up and down yellin' "kill, Kill, KILL!" and the sergeant came over and said "You're our boy"Alice's Restaurant Massacree
33%
Name of the artist who sings the aboveWoody Guthrie
33%
By the relief officer, I seen my people. As they stood there hungry, I stood there asking, is this land made for you and me?This Land is Your Land
33%
Name of the artist who sings the abovePatti Smith
33%

Score Distribution

Percentile by Number Answered

Percent of People with Each Score

Your Score History

You have not taken this quiz